000 00350 a2200157 4500
001 46201
020 _a8598553115
040 _cAnchieta - Aquarius
100 _aCedraz, Antônio
240 1 0 _aA caixa de Pai Dorá
_lpor
245 1 0 _aA caixa de Pai Dorá
300 _a27
362 0 _a2006
650 4 _aLiteratura infanto-juvenil
942 _cBK
999 _c46201
_d46201